Statistics for UK Cities with 5 or fewer letters

Click here to take the quiz!

General Stats

  • This quiz has been taken 161 times
  • The average score is 6 of 11

Answer Stats

Answer% Correct
1Bath
80%
11York
78%
5Leeds
76%
2Derby
59%
4Ely
56%
7Perth
55%
9Truro
48%
10Wells
47%
8Ripon
43%
3Derry
35%
6Newry
34%

Score Distribution

Percentile by Number Answered

Percent of People with Each Score

Your Score History

You have not taken this quiz